Spracovávanie vzoriek v automaticky zozbieraných databázach tvárí

Saved in:
Bibliographic Details
Main Author: Peťko, Ľubomír (Author)
Other Authors: Bukovčiková, Zuzana (Thesis advisor)
Format: Manuscript Book
Language:Slovak
Published: 2019
Subjects:
Online Access:http://is.stuba.sk/zp/portal_zp.pl?podrobnosti=125621
Tags: Add Tag
No Tags, Be the first to tag this record!

MARC

LEADER 00000ntm a22000003a 4500
001 stuzp68850
003 SK-STU
005 20190903141141.4
007 ta
008 150427s2015----xo-----f-mn---000-0-slo-d
040 |a STU  |b slo 
041 0 |a slo 
044 |a xo 
100 1 |a Peťko, Ľubomír  |u 035000  |4 aut  |U FEI Fakulta elektrotechniky a informatiky  |T FEI Ústav informatiky a matematiky  |X 74908  |U E050  |Y 816  |7 74908 
242 0 1 |a Sample processing in automatically collected face databases  |y eng 
245 1 0 |a Spracovávanie vzoriek v automaticky zozbieraných databázach tvárí 
260 |c 2019 
300 |a 40 s., príl.,  |b CD-ROM 
650 4 |a biometria  |2 slo 
650 4 |a rozpoznávanie tvárí  |2 slo 
650 4 |a strojové učenie  |2 slo 
650 4 |a hlboké konvolučné siete  |2 slo 
650 4 |a databázy tvárí  |2 slo 
650 4 |a face recognition  |2 eng 
650 4 |a machine learning  |2 eng 
650 4 |a deep convolutional networks  |2 eng 
650 4 |a face databases  |2 eng 
650 4 |a biometrics  |2 eng 
700 1 |a Bukovčiková, Zuzana  |u 035000  |k Z3  |4 ths  |U FEI Fakulta elektrotechniky a informatiky  |T FEI Ústav informatiky a matematiky  |X 53481  |U E050  |Y 816  |7 53481 
856 4 |u http://is.stuba.sk/zp/portal_zp.pl?podrobnosti=125621 
996 |b 284ER03048  |c E*Bc- 3048  |l EE35  |s P  |a 0  |w stuzp68850_0001